000 00580nam a2200217Ia 4500
005 20241129120152.0
008 241129s9999||||xx |||||||||||||| ||und||
020 _a9789395160902
037 _aTB
040 _aSDCL
_beng
_cSDCL
041 _ahin
_2hin
084 _aY592.2'P, R3
_qSDCL
100 _aKashyap Omprakash
_9729326
245 0 _aSetu vichar: Periyar E. V. Ramasamy
260 _aNoida
_bSetu Prakashan
_c2023
300 _a624p.
365 _aINR
_b575
650 _aPolitical Science
942 _cTB
_hY592.2'P, R3
999 _c1233640
_d1233640